Efficiency of industrial activities in SR districts

Guardado en:
Detalles Bibliográficos
Autor principal: Vojtková, Mária, 1966-
Formato: Capítulo de libro
Lenguaje:inglés
Etiquetas: Agregar Etiqueta
Sin Etiquetas, Sea el primero en etiquetar este registro!

MARC

LEADER 00000naa$a2200000$$$4500
001 0185278
005 20240502073157.0
041 0 |a eng 
044 |a SK 
245 1 0 |a Efficiency of industrial activities in SR districts  |c Mária Vojtková 
100 1 |a Vojtková, Mária, 1966-